<?xml version="1.0" encoding="UTF-8"?>
<record
    xmlns:xsi="http://www.w3.org/2001/XMLSchema-instance"
    xsi:schemaLocation="http://www.loc.gov/MARC21/slim http://www.loc.gov/standards/marcxml/schema/MARC21slim.xsd"
    xmlns="http://www.loc.gov/MARC21/slim">

  <leader>00199nam a22000977a 4500</leader>
  <datafield tag="082" ind1=" " ind2=" ">
    <subfield code="a">519 pil</subfield>
  </datafield>
  <datafield tag="100" ind1=" " ind2=" ">
    <subfield code="a">pILLAI,r.s.n</subfield>
  </datafield>
  <datafield tag="245" ind1=" " ind2=" ">
    <subfield code="a">Statistics Theory and Practice</subfield>
  </datafield>
  <datafield tag="650" ind1=" " ind2=" ">
    <subfield code="a">statistics</subfield>
  </datafield>
  <datafield tag="942" ind1=" " ind2=" ">
    <subfield code="c">BK</subfield>
  </datafield>
  <datafield tag="999" ind1=" " ind2=" ">
    <subfield code="c">1838</subfield>
    <subfield code="d">1838</subfield>
  </datafield>
  <datafield tag="952" ind1=" " ind2=" ">
    <subfield code="0">0</subfield>
    <subfield code="1">0</subfield>
    <subfield code="7">0</subfield>
    <subfield code="8">NFIC</subfield>
    <subfield code="a">MLCampus</subfield>
    <subfield code="b">IC</subfield>
    <subfield code="c">GEN</subfield>
    <subfield code="d">2015-08-11</subfield>
    <subfield code="l">9</subfield>
    <subfield code="o">519 pil</subfield>
    <subfield code="p">005662</subfield>
    <subfield code="r">2026-05-05 09:56:43</subfield>
    <subfield code="s">2026-04-20</subfield>
    <subfield code="w">2015-08-11</subfield>
    <subfield code="y">BK</subfield>
  </datafield>
</record>
